Normal view
MARC view
- تاليف آل الشيخ، عبد الرحمن بن حسن؛ مراجعة وتصحيح عبد العزيز بن عبدالله بن باز
Entry Personal Name
001 - CONTROL NUMBER
- control field: 62096
003 - CONTROL NUMBER IDENTIFIER
- control field: JO-AjAnu
005 - DATE AND TIME OF LATEST TRANSACTION
- control field: 20230606084137.0
008 - FIXED-LENGTH DATA ELEMENTS
- fixed length control field: 230606|| aca||aabn | a|a d
040 ## - CATALOGING SOURCE
- Original cataloging agency: JO-AjAnu
- Transcribing agency: JO-AjAnu
100 ## - HEADING--PERSONAL NAME
- Personal name: تاليف آل الشيخ، عبد الرحمن بن حسن؛ مراجعة وتصحيح عبد العزيز بن عبدالله بن باز
670 ## - SOURCE DATA FOUND
- Source citation: Work cat.: (JO-AjAnu)31669: تاليف آل الشيخ، عبد الرحمن بن حسن؛ مراجعة وتصحيح عبد العزيز بن عبدالله بن باز, author, فتح المجيد: شرح كتاب التوحيد